000 00768nam a22002537a 4500
001 BR7375605
003 BR-BrBNA
005 20230928084431.0
007 ta
008 230509b bl.||||| |||| 00| 0 por d
040 _aBR-BrBNA
_bpor
_cBiblioteca Nacional de Agricultura
041 _a(Por)
072 _aE10; D10
_b/G514
090 _ E10 BR7375605
110 1 _aGrupo Executivo Estadual de Combate a Febre Aftosa, Curitiba, PR (Brasil)
_95505
245 1 _aRelatorio de despesas com veiculos 1974 [grupo executivo estadual de combate a febre aftosa, Brasil]
260 3 _aCuritiba, PR (Brasil):
_c1975.
300 _a370 p.
500 _aNumerical data
650 _aVEICULO
650 _aDESPESA
909 _a202309
_bLucia
_c55
_dLucia Elande
942 _cBK
999 _c18930
_d18930